000 00712nam a22002417a 4500
003 UA-OsUOA
001 118974
007 ta
008 20160928b un ||||| |||| 00| 0 ukr d
100 _aЛединский Н. П.
090 _a821.161.1
_bЛ39
942 _cBK
040 _aUA-OsUOA
_brus
_cUA-OsUOA
_dUA-OsUOA
245 _aСовмещение пределов (Уроки египетского жреца Па Ди Иста)
_bповесть
300 _a160 с.
955 _a1
041 _arus
080 _a821.161.1
020 _a5-85991-017-7
260 _aСПб
_bПравда
_c1999
650 7 _a82 Література. Літературознавство
_2UDC
999 _c405169
_d405169